00990cam a22002173a 45000010005000000030006000050050017000110080041000280400015000690420007000840500007000911000040000982450086001382600029002245050357002535060030006105160020006406530043006608300028007038560041007312861PGUSA20140828083022.0011001s2001||||xxu|||||s|||||000 | eng d aPGUSAbeng adc 4aPS1 aPost, Melville Davisson,d1871-193014aThe Sleuth of St. James's Squareh[electronic resource] /cMelville Davisson Post bProject Gutenberg,c20010 aThe thing on the hearth -- The reward -- The lost lady -- The cambered foot -- The man in the green hat -- The wrong sign -- The fortune teller -- The hole in the mahogany panel -- The end of the road -- The last adventure -- American horses -- The spread rails -- The pumpkin coach -- The yellow flower -- A satire of the sea -- The house by the loch. aPublic domain in the USA. aElectronic text aDetective and mystery stories, English 0aProject Gutenbergv286140uhttp://www.gutenberg.org/ebooks/2861